Gaudí. La búsqueda de la forma: espacio, geometría, estructura y construcción

Saved in:
Bibliografiske detaljer
Hovedforfatter: Giralt-Miracle, Daniel (Author)
Format: Bog
Sprog:spansk
Udgivet: Barcelona Lunwerg 2002
Fag:
Tags: Tilføj Tag
Ingen Tags, Vær først til at tagge denne postø!

MARC

LEADER 00000nam a2200000 a 4500
001 UCM4837
003 CL-VaPUC
008 020906e20020000SP |||||||||||||||||spa|d
082 0 4 |a 720.94  |b GIR  |2 21 
100 |a Giralt-Miracle, Daniel  |e author  |9 471253 
245 1 0 |a Gaudí. La búsqueda de la forma: espacio, geometría, estructura y construcción 
300 |a 166 p 
942 |c BK 
945 |d 20020906 00:00:00  |a cmena 
260 |a Barcelona  |b Lunwerg  |c 2002 
650 0 |a Arquitectos españoles  |9 350193 
650 0 |a Diseño arquitectónico   |9 265271 
650 0 |a Creatividad artística   |9 471254 
583 |a last modification  |c 20020906 00:00:00  |k Rodrigo Vera 
999 |c 301300  |d 301298 
952 |0 0  |1 0  |4 0  |6 720_940000000000000_GIR_2002  |7 0  |8 A  |9 360132  |a BIBHIS  |b BIBHIS  |d 2019-11-21  |i 3839915  |o 720.94 GIR 2002  |p 3839915  |r 2025-01-20  |w 2019-11-21  |y BK  |k HIS